• 首页
  • 本馆介绍
  • 公告通知
  • 最新文献
  • 馆藏检索
  • 电子资源
  • 读者导购
  • 参考咨询
  • 我的图书馆
  • 登录
  • 详细信息显示
  • 放入我的书架
  • 预约/预借图书
  • 作者相关作品
  • 分类相关作品
  • 丛书相关作品
  • 出版社相关作品

书目信息

  • 表格格式
  • 工作单格式
  • 卡片格式
题名:
植物蛋白功能原理与工艺
    
 
作者: 周瑞宝 主编
分册:  
出版信息: 北京   化学工业出版社  2008
页数: 357页
开本: 26cm
丛书名:
单 册:
中图分类: TQ936.2
科图分类:
主题词: 植物性蛋白--理论 , 植物性蛋白--生产工艺
电子资源:
ISBN: 978-7-122-00997-5
000 00928nam0 2200229 45
005 20100303144849.15
010    @a978-7-122-00997-5@dCNY60.00
100    @a20090921d2008 ekmy0chiy0120 ea
101 0  @achi
102    @aCN@b110000
105    @aa z 000yy
106    @ar
200 1  @a植物蛋白功能原理与工艺@AZhi Wu Dan Bai Gong Neng Yuan Li Yu Gong Yi@f周瑞宝主编@FZhou Rui Bao Zhu Bian
210    @a北京@c化学工业出版社@d2008
215    @a357页@c图@d26cm
330    @a该书系统阐述了植物蛋白结构、营养和功能性质,剖析了天然抗营养成分毒性机理以及在蛋白质生产工艺中的脱毒方法,详细介绍了大豆、花生、芝麻、棉籽、菜籽、向日葵、蓖麻籽、小麦、玉米、叶蛋白、微生物和藻类蛋白等10多植物蛋白的生产工艺以及各种不同的工艺路线等。
606 0  @a植物性蛋白@x理论
606 0  @a植物性蛋白@x生产工艺
690    @aTQ936.2@v4
701  0 @a周瑞宝@AZhou Rui Bao@4主编
801  0 @aCN@bTANGWEI@c20100303
905    @b0583655-59@dTQ936.2@e28@f5
    
    植物蛋白功能原理与工艺/周瑞宝主编.-北京:化学工业出版社,2008
    357页:图;26cm
    
    
    ISBN 978-7-122-00997-5:CNY60.00
    该书系统阐述了植物蛋白结构、营养和功能性质,剖析了天然抗营养成分毒性机理以及在蛋白质生产工艺中的脱毒方法,详细介绍了大豆、花生、芝麻、棉籽、菜籽、向日葵、蓖麻籽、小麦、玉米、叶蛋白、微生物和藻类蛋白等10多植物蛋白的生产工艺以及各种不同的工艺路线等。
●
相关链接 在E读中查询图书 在五车中查询图书 在当当中查询图书 在豆瓣中查询图书


正题名:植物蛋白功能原理与工艺     索取号:TQ936.2/28         预约/预借

序号 登录号 条形码 馆藏地/架位号 状态 备注
1 0583655   205836559   第二样本阅览室/ [索取号:TQ936.2/28] 在馆    
2 0583656   205836568   第三借阅区/ [索取号:TQ936.2/28] 在馆    
3 0583657   205836577   第三借阅区/ [索取号:TQ936.2/28] 在馆    
4 0583658   205836586   第三借阅区/ [索取号:TQ936.2/28] 在馆    
5 0583659   205836595   密集书库-生命科学系/ [索取号:TQ936.2/28] 在馆    
唐山师范学院图书馆 欢迎您!
大连网信软件有限公司© 版权所有